[Event "13th Africa-ch"]
[Site "Oran ALG"]
[Date "2017.07.09"]
[Round "8"]
[White "Phiri, Richmond"]
[Black "Amin, Bassem"]
[Result "0-1"]
[WhiteElo "2267"]
[BlackElo "2672"]
[EventDate "2017.07.02"]
[PlyCount "116"]

1.d4 Nf6 2.Nf3 g6 3.c4 Bg7 4.Nc3 d6 5.Bf4 O-O 6.e3 c5 7.h3 Qa5 8.Be2 Ne4 
9.Qa4 Qxa4 10.Nxa4 Bd7 11.Nc3 Nxc3 12.bxc3 Nc6 13.O-O e5 14.Bh2 Rfe8 15.d5
Nd8 16.Nd2 f5 17.a4 Rc8 18.Ra3 Nf7 19.Rb1 Rc7 20.a5 h5 21.Rab3 Bc8 22.R1b2
Bf6 23.Bd1 Kg7 24.Kf1 Rh8 25.f3 g5 26.Bg1 Bd8 27.e4 f4 28.Bf2 Nh6 29.Rb5 
Kg6 30.Ke1 Rhh7 31.Be2 Rcg7 32.Bf1 g4 33.Ke2 Nf7 34.hxg4 hxg4 35.fxg4 
Bxg4+ 36.Kd3 Ng5 37.Be2 Bc8 38.Bf3 Rh1 39.Ke2 Kh6 40.Rb1 Rxb1 41.Rxb1 Nxf3
42.gxf3 Bxa5 43.Rh1+ Kg6 44.Rh8 Bd7 45.Kd3 Ba4 46.Rh1 Bb6 47.Ra1 Be8 48.
Ke2 Rh7 49.Rg1+ Kf7 50.Kd3 Rh2 51.Be1 Ba4 52.Rf1 Bd8 53.Bf2 Bd7 54.Be1 a6 
55.Rg1 b5 56.cxb5 axb5 57.Rf1 c4+ 58.Kc2 Bb6 0-1

[Event "13th Africa-ch"]
[Site "Oran ALG"]
[Date "2017.07.09"]
[Round "8"]
[White "Cawdery, Daniel"]
[Black "Arab, Adlane"]
[Result "1/2-1/2"]
[WhiteElo "2426"]
[BlackElo "2476"]
[EventDate "2017.07.02"]
[PlyCount "59"]

1.e4 c5 2.Nf3 Nc6 3.d4 cxd4 4.Nxd4 Qb6 5.Nb3 Nf6 6.Bd3 e6 7.Be3 Qc7 8.f4 
d6 9.Nc3 a6 10.Qf3 Be7 11.O-O-O b5 12.g4 Nb4 13.g5 Nxd3+ 14.Rxd3 Nd7 15.a3
Bb7 16.Rhd1 Rc8 17.Qf2 O-O 18.f5 Ne5 19.f6 Nxd3+ 20.Rxd3 Bd8 21.Qh4 Re8 
22.Nd2 e5 23.Nf1 d5 24.exd5 Qd7 25.Nd2 Rxc3 26.bxc3 Bxd5 27.c4 bxc4 28.
Qxc4 Bxc4 29.Rxd7 Be6 30.Ra7 1/2-1/2

[Event "13th Africa-ch"]
[Site "Oran ALG"]
[Date "2017.07.09"]
[Round "8"]
[White "Haddouche, Mohamed"]
[Black "Adly, Ahmed"]
[Result "1/2-1/2"]
[WhiteElo "2492"]
[BlackElo "2620"]
[EventDate "2017.07.02"]
[PlyCount "72"]

1.e4 c5 2.Nf3 d6 3.d4 cxd4 4.Nxd4 Nf6 5.Nc3 a6 6.g3 g6 7.Bg2 Bg7 8.O-O Bg4
9.Nde2 Nc6 10.h3 Bd7 11.Be3 h5 12.Nd5 O-O 13.Nb6 Rb8 14.c4 Be8 15.Qd2 Nd7 
16.Nd5 b5 17.cxb5 axb5 18.Rac1 Nc5 19.Rfd1 e6 20.Nb4 Nxb4 21.Qxb4 Nb7 22.
b3 Bd7 23.Nd4 Qa5 24.Qxa5 Nxa5 25.Rc7 Rb7 26.Rdc1 Rfb8 27.Rxb7 Rxb7 28.e5 
d5 29.f4 f6 30.exf6 Bxf6 31.h4 Kf7 32.Kf2 Bxd4 33.Bxd4 Nc6 34.Bc5 b4 35.
Ke3 Ne7 36.Bxe7 Kxe7 1/2-1/2

[Event "13th Africa-ch"]
[Site "Oran ALG"]
[Date "2017.07.09"]
[Round "8"]
[White "El-Gindy, Essam"]
[Black "Talbi, Chafik"]
[Result "1-0"]
[WhiteElo "2448"]
[BlackElo "2250"]
[EventDate "2017.07.02"]
[PlyCount "47"]

1.d4 Nf6 2.c4 e6 3.Nc3 d5 4.Nf3 dxc4 5.e4 Bb4 6.Bxc4 Nxe4 7.O-O Nf6 8.Qe2 
O-O 9.Rd1 c6 10.Ne5 Nbd7 11.Rd3 Re8 12.Bg5 Qc7 13.Rh3 h6 14.Bf4 Qb6 15.Rd1
a5 16.Rg3 Kf8 17.Nxd7+ Bxd7 18.Ne4 Be7 19.Be5 a4 20.Rxg7 Qd8 21.Nxf6 Bxf6 
22.Qg4 Bg5 23.Qh5 Qe7 24.Rh7 1-0

[Event "13th Africa-ch"]
[Site "Oran ALG"]
[Date "2017.07.09"]
[Round "8"]
[White "Farahat, Ali"]
[Black "Silva, David"]
[Result "0-1"]
[WhiteElo "2420"]
[BlackElo "2205"]
[EventDate "2017.07.02"]
[PlyCount "70"]

1.e4 e6 2.d4 d5 3.Nd2 Nc6 4.Ngf3 Nf6 5.e5 Nd7 6.c4 dxc4 7.Bxc4 Nb6 8.Bd3 
Nxd4 9.O-O Nf5 10.Ne4 Bd7 11.Re1 Bc6 12.Nfg5 Qd7 13.Qh5 h6 14.Nxe6 Qxe6 
15.Nf6+ gxf6 16.Bxf5 Qc4 17.b3 Qc5 18.exf6+ Kd8 19.Be3 Qa5 20.Rad1+ Bd6 
21.b4 Qxa2 22.b5 Bxb5 23.Bb1 Qb3 24.Bxh6 Bd7 25.Qg5 Be6 26.Rd3 Qb4 27.Red1
Nd7 28.g3 a5 29.Qg7 Re8 30.Rd4 Qc3 31.Qg5 Bh3 32.Be4 a4 33.Qd5 a3 34.Qxb7 
Rb8 35.Qa7 Rxe4 0-1

[Event "13th Africa-ch"]
[Site "Oran ALG"]
[Date "2017.07.09"]
[Round "8"]
[White "Bengherabi, Khalil"]
[Black "Bouzidi, Ahmed"]
[Result "0-1"]
[WhiteElo "2230"]
[BlackElo "2193"]
[EventDate "2017.07.02"]
[PlyCount "54"]

1.e4 e6 2.d4 d5 3.Nc3 Bb4 4.a3 Bxc3+ 5.bxc3 dxe4 6.Qg4 Nf6 7.Qxg7 Rg8 8.
Qh6 Nbd7 9.a4 c5 10.a5 a6 11.Qd2 b5 12.axb6 Nd5 13.dxc5 Nxc5 14.Qd4 Qxb6 
15.Ba3 Nd7 16.Qxe4 Bb7 17.Qd4 Qc7 18.c4 Qa5+ 19.c3 Nxc3 20.f3 Ne4+ 21.Ke2 
e5 22.Qb2 Nc3+ 23.Kf2 Nc5 24.Bb4 Qb6 25.Ke1 N5a4 26.c5 Qh6 27.Qc2 Qh4+ 0-1

[Event "13th Africa-ch"]
[Site "Oran ALG"]
[Date "2017.07.09"]
[Round "8"]
[White "De Gondo, Simplice Armel"]
[Black "Belouadah, Saad"]
[Result "0-1"]
[WhiteElo "2174"]
[BlackElo "2400"]
[EventDate "2017.07.02"]
[PlyCount "82"]

1.e4 d5 2.exd5 Qxd5 3.Nc3 Qa5 4.d4 Nf6 5.Bc4 Bf5 6.Bd2 Qb6 7.Nf3 c6 8.O-O 
e6 9.Qe2 Be7 10.Bb3 Bg4 11.Be3 Qc7 12.h3 Bxf3 13.Qxf3 Nbd7 14.Ne4 Nxe4 15.
Qxe4 Nf6 16.Qf3 O-O 17.Bf4 Qb6 18.Rad1 a5 19.c4 a4 20.Bc2 Qxb2 21.Qd3 Qa3 
22.Qxa3 Bxa3 23.Rb1 Rfd8 24.Rfd1 Rd7 25.g4 Bf8 26.Be3 g6 27.Rb6 h5 28.g5 
Ne8 29.Rdb1 Nd6 30.c5 Nb5 31.Rb4 Bg7 32.Bxa4 Nxd4 33.Kg2 Ra7 34.Bb3 Nf5 
35.Kf3 Bf8 36.Rc4 Ra5 37.Rcb4 Nxe3 38.fxe3 Rxc5 39.Rxb7 Rf5+ 40.Ke4 Rxb7 
41.Rxb7 Rxg5 0-1

[Event "13th Africa-ch"]
[Site "Oran ALG"]
[Date "2017.07.09"]
[Round "8"]
[White "Ghabache, Nour-Eddine"]
[Black "Hesham, Abdelrahman"]
[Result "0-1"]
[WhiteElo "2168"]
[BlackElo "2385"]
[EventDate "2017.07.02"]
[PlyCount "78"]

1.d4 Nf6 2.Nf3 g6 3.g3 Bg7 4.Bg2 O-O 5.c4 d6 6.O-O Nc6 7.Bf4 Bg4 8.d5 Na5 
9.Nbd2 c5 10.Qc2 Rb8 11.a3 b5 12.b4 cxb4 13.axb4 Nxc4 14.Nd4 Nxd5 15.Nc6 
Nxf4 16.Nxd8 Nxe2+ 17.Kh1 Nd4 18.Qa2 Rfxd8 19.Nxc4 bxc4 20.Qxc4 Be2 21.Qc7
Bxf1 22.Rxf1 e6 23.Qxa7 Rxb4 24.Qe7 Rbb8 25.h4 h5 26.Rc1 Nf5 27.Qc7 d5 28.
Bh3 Nd6 29.Re1 Ne4 30.Re2 Rdc8 31.Qd7 Rc1+ 32.Kg2 Nf6 33.Qe7 Re8 34.Qb7 
Rcc8 35.Ra2 Rcd8 36.Qc6 d4 37.Kf1 d3 38.Ke1 Nd5 39.Ra7 d2+ 0-1

[Event "13th Africa-ch"]
[Site "Oran ALG"]
[Date "2017.07.09"]
[Round "8"]
[White "Mwali, Chitumbo"]
[Black "El-Hadi, Hamdan Abderahmane"]
[Result "0-1"]
[WhiteElo "2356"]
[BlackElo "2082"]
[EventDate "2017.07.02"]
[PlyCount "88"]

1.c4 e6 2.g3 Nf6 3.Bg2 d5 4.Nf3 Be7 5.O-O O-O 6.b3 c5 7.Bb2 Nc6 8.e3 d4 9.
exd4 cxd4 10.Re1 Qb6 11.d3 Nd7 12.Na3 e5 13.Nc2 Bf6 14.Ba3 Re8 15.b4 Qd8 
16.b5 Ne7 17.h4 Ng6 18.Nb4 Be7 19.h5 Ngf8 20.Qc1 Qa5 21.Nc2 Bxa3 22.Qxa3 
Qxa3 23.Nxa3 f6 24.Nxd4 Nc5 25.Nb3 Nxd3 26.Re3 Nb4 27.Na5 Rb8 28.Rb1 b6 
29.Rxb4 bxa5 30.Ra4 Rd8 31.Rxa5 Rd1+ 32.Kh2 Rd2 33.Rxa7 Rxf2 34.c5 Be6 35.
Kg1 Rxa2 36.c6 Rd8 37.Re1 Rd3 38.Kh2 Rdd2 39.Rg1 Bd5 40.c7 Bxg2 41.Nc4 
Rxa7 42.b6 Bb7+ 43.Nxd2 Ra2 44.Rg2 Rb2 0-1

[Event "13th Africa-ch"]
[Site "Oran ALG"]
[Date "2017.07.09"]
[Round "8"]
[White "Gueroui, Nasr-Eddine"]
[Black "Douissa, Oussama"]
[Result "0-1"]
[WhiteElo "2029"]
[BlackElo "2270"]
[EventDate "2017.07.02"]
[PlyCount "126"]

1.e4 d5 2.exd5 Nf6 3.c4 c6 4.d4 cxd5 5.Nc3 Nc6 6.Nf3 g6 7.Qb3 Na5 8.Qd1 
Nxc4 9.Bxc4 dxc4 10.Qa4+ Bd7 11.Qxc4 Bg7 12.O-O O-O 13.d5 e6 14.dxe6 Bxe6 
15.Qh4 Nd5 16.Bg5 Qb6 17.Bh6 Qb4 18.Qxb4 Nxb4 19.Bxg7 Kxg7 20.Nd4 Bc4 21.
Rfd1 Rfd8 22.Rd2 Nc6 23.Rad1 Nxd4 24.Rxd4 Rxd4 25.Rxd4 Be6 26.a3 Rc8 27.
Kf1 Rc4 28.Rxc4 Bxc4+ 29.Ke1 Kf6 30.Kd2 Bf1 31.g3 Kf5 32.h4 f6 33.Ke3 g5 
34.hxg5 fxg5 35.Ne4 h5 36.f3 Kg6 37.Nc5 b6 38.Nd7 Bb5 39.Ne5+ Kf5 40.Nf7 
Bd7 41.Nd6+ Kg6 42.Nc4 Be6 43.Ne5+ Kf5 44.Nc6 Bd7 45.Nd4+ Ke5 46.Ne2 h4 
47.gxh4 gxh4 48.f4+ Kd5 49.b3 h3 50.Nc3+ Kc6 51.Kf3 Kc5 52.Ne2 Be6 53.b4+ 
Kc4 54.Kg3 Bd7 55.Ng1 Kb3 56.Nxh3 Kxa3 57.Nf2 Kxb4 58.Nd3+ Kc3 59.Ne5 Be6 
60.Kf3 a5 61.Ke3 a4 62.Nc6 a3 63.Nd4 Bc4 0-1

[Event "13th Africa-ch"]
[Site "Oran ALG"]
[Date "2017.07.09"]
[Round "8"]
[White "Ounas, Abdelhak"]
[Black "Van Zyl-Rudd, Jack"]
[Result "0-1"]
[WhiteElo "2018"]
[BlackElo "2125"]
[EventDate "2017.07.02"]
[PlyCount "104"]

1.e4 c5 2.Nf3 Nc6 3.d4 cxd4 4.Nxd4 e6 5.Nc3 Nf6 6.Ndb5 Bb4 7.a3 Bxc3+ 8.
Nxc3 d5 9.Bg5 d4 10.Ne2 h6 11.Bxf6 Qxf6 12.Ng3 O-O 13.Bd3 e5 14.O-O Ne7 
15.f4 exf4 16.Nh5 Qd6 17.Nxf4 Ng6 18.Nxg6 Qxg6 19.Qd2 Qd6 20.Rae1 Qe5 21.
Rf4 Be6 22.Ref1 b5 23.R4f3 a5 24.Rg3 Kh8 25.Rgf3 Rfb8 26.b3 Rc8 27.Qf2 Rc3
28.a4 bxa4 29.bxa4 Rb8 30.h3 Rb4 31.Qh4 Qg5 32.Qe1 Qe5 33.Qh4 Rc8 34.Qe1 
Qc5 35.Qh4 Qg5 36.Qe1 Qe5 37.Qh4 Rxa4 38.Qe1 Qc5 39.Qh4 Qg5 40.Qe1 Qe5 41.
Rf5 Bxf5 42.Rxf5 Qc7 43.e5 Qc3 44.Qe4 Ra1+ 45.Kh2 Re1 46.Qf4 Qc7 47.g3 
Qxc2+ 48.Bxc2 Rxc2+ 49.Qf2 Rxf2+ 50.Rxf2 d3 51.Kg2 Re2 52.e6 fxe6 0-1

[Event "13th Africa-ch"]
[Site "Oran ALG"]
[Date "2017.07.09"]
[Round "8"]
[White "Boudriga, Med Ali"]
[Black "Boudaoud, Khaled"]
[Result "1-0"]
[WhiteElo "2348"]
[BlackElo "2139"]
[EventDate "2017.07.02"]
[PlyCount "76"]

1.e4 c5 2.Nf3 d6 3.g3 g6 4.Bg2 Bg7 5.O-O Nc6 6.h3 Nf6 7.Re1 O-O 8.c3 Qb6 
9.d3 e5 10.a3 Rd8 11.c4 Nd4 12.Nxd4 cxd4 13.Nd2 Bd7 14.Rb1 a5 15.b3 Qc7 
16.a4 Qc8 17.Kh2 h5 18.Nf3 Re8 19.Nh4 Nh7 20.f4 Bf6 21.Nf3 Kg7 22.Rf1 Rh8 
23.Qe1 Nf8 24.Qf2 Qd8 25.fxe5 dxe5 26.Nxe5 h4 27.Nxf7 hxg3+ 28.Qxg3 Kxf7 
29.e5 Bf5 30.exf6 Ne6 31.Ba3 Qxf6 32.Bxb7 Rad8 33.Bg2 Kg7 34.Bd6 Rxd6 35.
Qxd6 Qh4 36.Rbe1 Qg5 37.Rxf5 Qxf5 38.Qxe6 Qf2 1-0

[Event "13th Africa-ch"]
[Site "Oran ALG"]
[Date "2017.07.09"]
[Round "8"]
[White "Salhi, Nouressadat"]
[Black "Odendaal, Frederick"]
[Result "0-1"]
[WhiteElo "2034"]
[BlackElo "2038"]
[EventDate "2017.07.02"]
[PlyCount "72"]

1.e4 e6 2.d4 d5 3.Nc3 Nf6 4.Bg5 Be7 5.e5 Nfd7 6.Bxe7 Qxe7 7.Nf3 a6 8.Ne2 
c5 9.c3 O-O 10.Qd2 Nc6 11.Ng3 f6 12.exf6 Nxf6 13.Be2 e5 14.dxe5 Nxe5 15.
O-O Ng6 16.Rfe1 Qd6 17.Bd3 Nf4 18.Bc2 Bg4 19.Ne5 g5 20.Bf5 Bxf5 21.Nxf5 
Qc7 22.Nh6+ Kg7 23.Neg4 Ne4 24.Rxe4 dxe4 25.c4 Rad8 26.Qc3+ Rd4 27.Re1 Kg6
28.f3 Rd1 29.Qe3 Rxe1+ 30.Qxe1 Re8 31.h4 Qd7 32.h5+ Nxh5 33.fxe4 Qd4+ 34.
Qf2 Rxe4 35.Kh2 Qxf2 36.Nxf2 Rh4+ 0-1

[Event "13th Africa-ch"]
[Site "Oran ALG"]
[Date "2017.07.09"]
[Round "8"]
[White "Chipanga, Takaedza"]
[Black "Moulay, Mehdi"]
[Result "1-0"]
[WhiteElo "2068"]
[BlackElo "2055"]
[EventDate "2017.07.02"]
[PlyCount "63"]

1.d4 Nf6 2.c4 e6 3.g3 Bb4+ 4.Nd2 O-O 5.Bg2 d5 6.Nf3 dxc4 7.a3 Bxd2+ 8.Bxd2
Nc6 9.e3 Rb8 10.Qc2 b5 11.b3 Bb7 12.bxc4 bxc4 13.O-O e5 14.dxe5 Ng4 15.
Rab1 Qd3 16.Qxd3 cxd3 17.h3 Ncxe5 18.Rxb7 Rxb7 19.Nxe5 Rb2 20.Nc4 Rc2 21.
hxg4 Rxc4 22.Rd1 Rd8 23.g5 Rc2 24.Be4 Ra2 25.Bb4 c5 26.Bxc5 d2 27.Kf1 a5 
28.Ke2 Rc8 29.Be7 Re8 30.Bd5 Rb2 31.Bc5 Rd8 32.e4 1-0

[Event "13th Africa-ch"]
[Site "Oran ALG"]
[Date "2017.07.10"]
[Round "9"]
[White "Amin, Bassem"]
[Black "Haddouche, Mohamed"]
[Result "1/2-1/2"]
[WhiteElo "2672"]
[BlackElo "2492"]
[EventDate "2017.07.02"]
[PlyCount "50"]

1.e4 e5 2.Nf3 Nc6 3.Bc4 Nf6 4.d3 Be7 5.O-O O-O 6.Re1 d6 7.a4 Kh8 8.a5 a6 
9.Nc3 Ng8 10.d4 Bg4 11.dxe5 dxe5 12.Qxd8 Raxd8 13.Ng5 Bh5 14.Nd5 Nd4 15.
Bd3 f6 16.Nh3 Bf7 17.Nxe7 Nxe7 18.b4 Bb3 19.cxb3 Nxb3 20.Bxa6 bxa6 21.Ra3 
Nd4 22.Ra2 Nb3 23.Ra3 Nd4 24.Ra2 Nb3 25.Ra3 Nd4 1/2-1/2

[Event "13th Africa-ch"]
[Site "Oran ALG"]
[Date "2017.07.10"]
[Round "9"]
[White "Silva, David"]
[Black "Cawdery, Daniel"]
[Result "0-1"]
[WhiteElo "2205"]
[BlackElo "2426"]
[EventDate "2017.07.02"]
[PlyCount "58"]

1.e4 c5 2.Nf3 d6 3.d4 cxd4 4.Nxd4 Nf6 5.Nc3 g6 6.Be3 Bg7 7.f3 O-O 8.Qd2 
Nc6 9.O-O-O d5 10.Qe1 e5 11.Nxc6 bxc6 12.exd5 Nxd5 13.Bc5 Bh6+ 14.Kb1 
Nxc3+ 15.bxc3 Rb8+ 16.Ka1 Qa5 17.Bb4 Qa4 18.Bxf8 Be6 19.c4 Rxf8 20.Bd3 Bg7
21.c3 Qa5 22.Rc1 Rb8 23.Rf1 e4 24.fxe4 Rb3 25.e5 Ra3 26.Rf2 Bxe5 27.Rfc2 
Bxc3+ 28.Rxc3 Rxa2+ 29.Kb1 Qa4 0-1

[Event "13th Africa-ch"]
[Site "Oran ALG"]
[Date "2017.07.10"]
[Round "9"]
[White "Adly, Ahmed"]
[Black "Arab, Adlane"]
[Result "1-0"]
[WhiteElo "2620"]
[BlackElo "2476"]
[EventDate "2017.07.02"]
[PlyCount "71"]

1.Nf3 Nf6 2.c4 e6 3.g3 d5 4.Bg2 Be7 5.O-O O-O 6.d4 c6 7.Qc2 Nbd7 8.Rd1 b6 
9.Nc3 Ba6 10.b3 Rc8 11.e4 dxc4 12.Bf4 Nh5 13.Be3 Nhf6 14.h3 Bb4 15.Nd2 b5 
16.bxc4 bxc4 17.Na4 c5 18.dxc5 Qa5 19.Nxc4 Bxc4 20.Qxc4 Nxc5 21.a3 Nxa4 
22.Qxb4 Qxb4 23.axb4 Nc3 24.Rd3 Rc4 25.Rxa7 Nfxe4 26.Bxe4 Nxe4 27.b5 Rb4 
28.b6 Nf6 29.Bc5 Rb1+ 30.Kg2 Rb2 31.Rb7 Re8 32.Rc7 h6 33.b7 Kh7 34.Ba7 Kg6
35.Ra3 Rb5 36.Ra6 1-0

[Event "13th Africa-ch"]
[Site "Oran ALG"]
[Date "2017.07.10"]
[Round "9"]
[White "Bouzidi, Ahmed"]
[Black "El-Gindy, Essam"]
[Result "0-1"]
[WhiteElo "2193"]
[BlackElo "2448"]
[EventDate "2017.07.02"]
[PlyCount "88"]

1.e4 e5 2.Nf3 Nc6 3.Bb5 a6 4.Bxc6 dxc6 5.O-O f6 6.d4 Bg4 7.c3 Qe7 8.Be3 
exd4 9.Bxd4 O-O-O 10.Nbd2 Nh6 11.b4 Nf7 12.Qe2 Ng5 13.Qe3 Bxf3 14.Nxf3 
Qxe4 15.Nxg5 Qxe3 16.Bxe3 fxg5 17.Bxg5 Rd5 18.Be3 Bd6 19.Rad1 Re8 20.Rfe1 
g6 21.a3 Re4 22.g3 Kd7 23.Rc1 Rc4 24.f4 Rd3 25.Bd4 c5 26.Bg7 a5 27.bxa5 
Ra4 28.Rb1 Kc6 29.Re8 Rxa5 30.Rh8 Rxa3 31.Rb2 b5 32.Rxh7 b4 33.cxb4 cxb4 
34.Rh8 b3 35.Rb8 Kd5 36.Kf2 c5 37.Rb6 Bc7 38.Rxg6 c4 39.Ke2 Ba5 40.Rg5+ 
Kc6 41.Bf8 Rd6 42.Bxd6 Kxd6 43.Rg8 Kc6 44.Rb8 Ra2 0-1

[Event "13th Africa-ch"]
[Site "Oran ALG"]
[Date "2017.07.10"]
[Round "9"]
[White "Belouadah, Saad"]
[Black "Phiri, Richmond"]
[Result "1-0"]
[WhiteElo "2400"]
[BlackElo "2267"]
[EventDate "2017.07.02"]
[PlyCount "67"]

1.d4 Nf6 2.Nf3 e6 3.c4 b6 4.Bf4 Bb7 5.e3 Be7 6.Nc3 a6 7.Rc1 d6 8.h3 c5 9.
Be2 O-O 10.O-O cxd4 11.exd4 d5 12.cxd5 Nxd5 13.Nxd5 Bxd5 14.Ne5 f6 15.Nc4 
Bb7 16.Bg4 f5 17.Bf3 Be4 18.Bxe4 fxe4 19.Qg4 Kh8 20.Be5 Bf6 21.Nd6 Qe7 22.
Nc8 Qd8 23.Qxe6 Qd7 24.Qc4 b5 25.Qc5 Qd8 26.Nd6 Nd7 27.Qd5 Qe7 28.Rc7 Rad8
29.Qxe4 Bxe5 30.dxe5 Qxe5 31.Rxd7 Qxe4 32.Rxd8 Qe7 33.Rxf8+ Qxf8 34.Re1 
1-0

[Event "13th Africa-ch"]
[Site "Oran ALG"]
[Date "2017.07.10"]
[Round "9"]
[White "Douissa, Oussama"]
[Black "Talbi, Chafik"]
[Result "0-1"]
[WhiteElo "2270"]
[BlackElo "2250"]
[EventDate "2017.07.02"]
[PlyCount "68"]

1.d4 Nf6 2.c4 e6 3.Nf3 d5 4.Nc3 dxc4 5.e4 Bb4 6.Bxc4 Nxe4 7.O-O Nxc3 8.
bxc3 Be7 9.Ne5 O-O 10.Qh5 Qe8 11.Qe2 c5 12.f4 cxd4 13.cxd4 Nc6 14.Be3 Bd7 
15.Rf3 Bf6 16.Rd1 Rd8 17.Ng4 Be7 18.Rh3 Bc8 19.Bf2 Rd6 20.Ne5 g6 21.Rhd3 
Nb4 22.Rf3 Nd5 23.h4 h5 24.g4 Nf6 25.gxh5 Nxh5 26.Kh2 Qd8 27.f5 exf5 28.
Rg1 Kg7 29.Rb3 Nf6 30.Bxf7 Ng4+ 31.Kh1 Rxf7 32.Nxf7 Kxf7 33.Qf3 Nxf2+ 34.
Qxf2 Rxd4 0-1

[Event "13th Africa-ch"]
[Site "Oran ALG"]
[Date "2017.07.10"]
[Round "9"]
[White "Hesham, Abdelrahman"]
[Black "Bengherabi, Khalil"]
[Result "1-0"]
[WhiteElo "2385"]
[BlackElo "2230"]
[EventDate "2017.07.02"]
[PlyCount "59"]

1.d4 Nf6 2.c4 e6 3.Nf3 d5 4.Nc3 Be7 5.Bg5 h6 6.Bxf6 Bxf6 7.e3 O-O 8.Qc2 c5
9.dxc5 Qa5 10.cxd5 Qxc5 11.O-O-O Rd8 12.Ne4 Qxc2+ 13.Kxc2 exd5 14.Nxf6+ 
gxf6 15.Nd4 Nc6 16.Be2 Be6 17.b3 Rac8 18.Kb2 f5 19.Rd2 Nxd4 20.Rxd4 Rc7 
21.Rhd1 Kg7 22.Bf3 Rcd7 23.Rf4 Kg6 24.Rdd4 Rc8 25.Be2 Kf6 26.g4 Rg8 27.
gxf5 Bxf5 28.Bd3 Rg5 29.h4 Rh5 30.Be2 1-0

[Event "13th Africa-ch"]
[Site "Oran ALG"]
[Date "2017.07.10"]
[Round "9"]
[White "Van Zyl-Rudd, Jack"]
[Black "El-Hadi, Hamdan Abderahmane"]
[Result "1/2-1/2"]
[WhiteElo "2125"]
[BlackElo "2082"]
[EventDate "2017.07.02"]
[PlyCount "41"]

1.d4 d5 2.c4 e6 3.Nc3 Nf6 4.cxd5 exd5 5.Bg5 Be7 6.e3 c6 7.Bd3 Nbd7 8.Qc2 
Nf8 9.Nge2 Ne6 10.Bh4 g6 11.O-O O-O 12.Rad1 b6 13.a3 Bb7 14.b4 a5 15.Qb2 
axb4 16.axb4 Nd7 17.Bg3 Bf6 18.Bd6 Be7 19.Bg3 Bf6 20.Bd6 Be7 21.Bg3 
1/2-1/2

[Event "13th Africa-ch"]
[Site "Oran ALG"]
[Date "2017.07.10"]
[Round "9"]
[White "Ghabache, Nour-Eddine"]
[Black "Farahat, Ali"]
[Result "0-1"]
[WhiteElo "2168"]
[BlackElo "2420"]
[EventDate "2017.07.02"]
[PlyCount "74"]

1.d4 Nf6 2.c4 e6 3.Nf3 b6 4.g3 Ba6 5.Qc2 Bb4+ 6.Bd2 Be7 7.Bg2 d5 8.b3 O-O 
9.O-O c5 10.Rd1 Nc6 11.Bf4 Nxd4 12.Nxd4 cxd4 13.Rxd4 Bc5 14.Rd1 Ng4 15.e3 
Qf6 16.h3 Nxf2 17.Kxf2 g5 18.Qc3 Qxc3 19.Nxc3 gxf4 20.gxf4 Rac8 21.Bf1 
dxc4 22.bxc4 Be7 23.Nb5 Bh4+ 24.Kg1 Kh8 25.Rd7 Bxb5 26.cxb5 Rc2 27.Rad1 
Bf2+ 28.Kh1 Bxe3 29.f5 exf5 30.Rd8 Rxd8 31.Rxd8+ Kg7 32.Rd7 f4 33.Bd3 Rd2 
34.Bf5 Bd4 35.Bxh7 f3 36.Bc2 Rxc2 37.Rxd4 Rc1+ 0-1

[Event "13th Africa-ch"]
[Site "Oran ALG"]
[Date "2017.07.10"]
[Round "9"]
[White "Boudriga, Med Ali"]
[Black "Ounas, Abdelhak"]
[Result "1-0"]
[WhiteElo "2348"]
[BlackElo "2018"]
[EventDate "2017.07.02"]
[PlyCount "75"]

1.d4 d5 2.Bf4 Nf6 3.e3 e6 4.Nd2 Bd6 5.Bg3 Nc6 6.f4 Ne7 7.Bd3 Nf5 8.Qf3 c6 
9.Bf2 Be7 10.Ne2 Nd6 11.Nc3 Qc7 12.a4 a5 13.O-O b6 14.e4 dxe4 15.Ncxe4 
Ndxe4 16.Nxe4 O-O 17.Bh4 Nd5 18.Bxe7 Qxe7 19.c3 h6 20.Rae1 Qd7 21.Rf2 f5 
22.Nd2 b5 23.Nb3 Rb8 24.axb5 cxb5 25.Nxa5 b4 26.c4 Nf6 27.Nb3 Bb7 28.Qe2 
Be4 29.Bxe4 fxe4 30.h3 Rfc8 31.Rc1 Qd6 32.Qe3 Ra8 33.Nc5 Qc6 34.Re2 Ra2 
35.Qb3 Raa8 36.Qxb4 Rcb8 37.Qc3 Rf8 38.g3 1-0

[Event "13th Africa-ch"]
[Site "Oran ALG"]
[Date "2017.07.10"]
[Round "9"]
[White "Odendaal, Frederick"]
[Black "Gueroui, Nasr-Eddine"]
[Result "1/2-1/2"]
[WhiteElo "2038"]
[BlackElo "2029"]
[EventDate "2017.07.02"]
[PlyCount "60"]

1.e4 c5 2.Nc3 d6 3.f4 Nf6 4.Nf3 Nc6 5.Bb5 Bd7 6.O-O e6 7.d3 a6 8.Bxc6 Bxc6
9.Kh1 Be7 10.e5 Nd7 11.exd6 Bxd6 12.Ne4 Be7 13.Qe1 Qc7 14.Bd2 Nf6 15.Ne5 
Nxe4 16.dxe4 f6 17.Nxc6 Qxc6 18.Bc3 Rd8 19.Qe2 b5 20.b3 O-O 21.Rad1 Rxd1 
22.Rxd1 Rd8 23.Rxd8+ Bxd8 24.Qd3 Be7 25.Qe2 Qd6 26.Qd2 Qxd2 27.Bxd2 Kf7 
28.Kg1 Ke8 29.Kf2 Kd7 30.Ke3 Kc6 1/2-1/2

[Event "13th Africa-ch"]
[Site "Oran ALG"]
[Date "2017.07.10"]
[Round "9"]
[White "Boudaoud, Khaled"]
[Black "Mwali, Chitumbo"]
[Result "0-1"]
[WhiteElo "2139"]
[BlackElo "2356"]
[EventDate "2017.07.02"]
[PlyCount "54"]

1.e4 e5 2.Nf3 Nc6 3.Bc4 Nf6 4.d3 Be7 5.O-O O-O 6.Re1 d6 7.a4 Be6 8.Nbd2 h6
9.a5 a6 10.c3 Qd7 11.Nf1 Rfe8 12.Bd2 Bf8 13.Bxe6 fxe6 14.Nh4 Qf7 15.Ng3 
Be7 16.b4 Rf8 17.Ra2 g5 18.Nf3 g4 19.Nh4 h5 20.Bh6 Nh7 21.Bxf8 Rxf8 22.
Nhf5 exf5 23.Nxf5 Qxa2 24.h4 Rxf5 25.exf5 Bxh4 26.Re2 Qa3 27.b5 Nd4 0-1

[Event "13th Africa-ch"]
[Site "Oran ALG"]
[Date "2017.07.10"]
[Round "9"]
[White "Moulay, Mehdi"]
[Black "De Gondo, Simplice Armel"]
[Result "0-1"]
[WhiteElo "2055"]
[BlackElo "2174"]
[EventDate "2017.07.02"]
[PlyCount "74"]

1.d4 d5 2.Bg5 f6 3.Bh4 h5 4.f4 Bf5 5.e3 c5 6.Bd3 e6 7.Bxf5 exf5 8.dxc5 
Bxc5 9.Qd3 Qb6 10.Nc3 Ne7 11.Bf2 Bb4 12.Ne2 Nbc6 13.O-O-O Bxc3 14.Nxc3 Nb4
15.Qb5+ Qxb5 16.Nxb5 O-O 17.a3 Na6 18.b4 Rfd8 19.Rd2 b6 20.Rhd1 Rd7 21.Kb2
Nc7 22.a4 Nxb5 23.axb5 Rc8 24.Rd4 Rdc7 25.R1d2 Kf7 26.h3 Ke6 27.Re2 Rc4 
28.Be1 R8c7 29.Kb3 Nc8 30.c3 Nd6 31.e4 fxe4 32.f5+ Nxf5 33.Rexe4+ dxe4 34.
Rxc4 Rxc4 35.Kxc4 Ne3+ 36.Kb3 Nxg2 37.Bg3 e3 0-1

[Event "13th Africa-ch"]
[Site "Oran ALG"]
[Date "2017.07.10"]
[Round "9"]
[White "Chipanga, Takaedza"]
[Black "Salhi, Nouressadat"]
[Result "1/2-1/2"]
[WhiteElo "2068"]
[BlackElo "2034"]
[EventDate "2017.07.02"]
[PlyCount "114"]

1.d4 Nf6 2.c4 c5 3.d5 b5 4.cxb5 a6 5.e3 axb5 6.Bxb5 Qa5+ 7.Nc3 Ne4 8.Ne2 
g6 9.O-O Nxc3 10.Nxc3 Bg7 11.Bd2 O-O 12.Be2 Qb6 13.Qc2 d6 14.e4 Ba6 15.
Rfe1 Bxe2 16.Rxe2 Na6 17.Bg5 Nb4 18.Qd2 Ra7 19.a3 Rb8 20.Rd1 Na6 21.Rc1 
Rab7 22.Rc2 Qd8 23.h4 Nc7 24.h5 Nb5 25.Nxb5 Rxb5 26.hxg6 hxg6 27.Qc1 Rb3 
28.Bh6 Bh8 29.Bf4 Qd7 30.e5 dxe5 31.Bxe5 Bxe5 32.Rxe5 c4 33.Rxc4 Qd6 34.
Rc8+ Rxc8 35.Qxc8+ Kg7 36.Re2 Qxd5 37.Qc2 Rd3 38.Re1 e5 39.Rf1 Qd4 40.Qc1 
Rb3 41.Rd1 Qxb2 42.Qxb2 Rxb2 43.Ra1 Rb5 44.a4 Ra5 45.Kf1 f5 46.Ke2 Kf6 47.
Kd3 Ke6 48.Kc4 Kd6 49.Kb4 Rd5 50.a5 Kc7 51.a6 Kb8 52.a7+ Ka8 53.Ra2 e4 54.
g3 Rd3 55.Kc4 g5 56.Ra5 Rf3 57.Ra2 e3 1/2-1/2